Recent developments in the use of herbicides on etates (Record no. 66467)

MARC details
000 -LEADER
fixed length control field 00415nam a2200145Ia 4500
100 ## - MAIN ENTRY--AUTHOR NAME
Personal name Teoh C H
245 #0 - TITLE STATEMENT
Title Recent developments in the use of herbicides on etates
260 ## - PUBLICATION, DISTRIBUTION, ETC. (IMPRINT)
Name of publisher Proceedings of the RRIM Planters Conference, Kuala Lumpur, 1977; p91-105
650 ## - SUBJECT ADDED ENTRY--TOPICAL TERM
Topical Term Herbicides
700 ## - ADDED ENTRY--PERSONAL NAME
Personal name Chong C F
700 ## - ADDED ENTRY--PERSONAL NAME
Personal name Evans R C
700 ## - ADDED ENTRY--PERSONAL NAME
Personal name Toh P H
942 ## - ADDED ENTRY ELEMENTS (KOHA)
Koha item type Journals
Holdings
Withdrawn status Lost status Damaged status Not for loan Home library Current library Shelving location Date acquired Koha item type
      Journals RRII Library RRII Library Soils and agonomy 17/12/2021 Journals